Principles of accounting /

Bewaard in:
Bibliografische gegevens
Hoofdauteur: Wise, Trevor D.
Formaat: Boek
Taal:English
Gepubliceerd in: Milton, Qld. : Jacaranda Wiley, 1998.
Onderwerpen:
Tags: Voeg label toe
Geen labels, Wees de eerste die dit record labelt!
Thư viện lưu trữ: Mạng thư viện Đại học Đà Nẵng
LEADER 00795cam a2200313 i 4500
001 000047140
003 6677
005 20030224161342.0
008 010322|1998 vm 000 eng
020 |a 0471337668 
040 |a IRC  |c IRC  |d IRC 
041 0 |a eng 
082 1 4 |a 657.0460994  |b WI-T 
100 1 |a Wise, Trevor D. 
245 0 0 |a Principles of accounting /  |c Trevor D. Wise. 
260 |a Milton, Qld. :  |b Jacaranda Wiley,  |c 1998. 
300 |a xx, 1396p. :  |b ill. 
630 0 4 |a Accounting. 
650 0 4 |a Accounting  |x Study and teaching  |z Australia. 
OWN |a DUT 
999 |a From the UDN01 
TYP |a Monograph 
TYP |a Printed language 
980 |a Mạng thư viện Đại học Đà Nẵng